01199nam a2200265 a 450000100060000000300080000600500170001400800410003102000270007203500190009904000270011804100080014508200260015324502240017926000610040330000350046450400510049965000430055070000240059370000250061771101280064294200120077099900170078295201340079972569BD-RjUL20211209082258.0170521s1976 ne a b 101 0 eng  a0720405866 :cfl 74.00 a(BD-RjUL)72787 aDLCcDLCdBD-RjULbeng aeng00a572.869223bGEN 197614aThe genetic function of mitochondrial DNA :bproceedings of the International Bari Conference on the Genetic Function of Mitochondrial DNA, Riva dei Tessali, Italy, 25-29 May, 1976 /ceditors C. Saccone and A. M. Kroon. aAmsterdam ;aNew York :bNorth-Holland Pub. Co.,cc1976. axiii, 354 p. :bill. ;c24 cm. aIncludes bibliographical references and index. 0aMitochondrial DNAxCongresses.92146491 aSaccone, C.92146501 aKroon, A. M.9214651 aInternational Bari Conference on the Genetic Function of Mitochondrial DNA,cRiva dei Tessali, Italy,d10th,e1976.9214652 2ddccBK c72569d72569 00102ddc40718NFICaRUCLbRUCLcReadingd1980-10-30eNetharlandl0o572.869 GEN 1976r2017-05-21 00:00:00tC-1w2017-05-21yBK